Score 0/32 Timer 05:00
7 Plays Today
Start of Title Rest of Title % Correct
Have Yourself...A Merry Little Christmas
91.4%
I Saw Mommy...Kissing Santa Claus
88%
Santa Claus Is...Coming to Town
87.4%
It's the Most...Wonderful Time of the Year
85.3%
Rudolph...The Red-Nosed Reindeer
85.1%
We Wish...You a Merry Christmas
85.1%
Rockin' Around...The Christmas Tree
84.2%
Joy to...The World
83.5%
Away...In a Manger
80.9%
It's Beginning to...Look a Lot Like Christmas
80.4%
The Twelve...Days of Christmas
79.4%
O Come All...Ye Faithful
76.2%
Frosty...The Snowman
73.8%
Hark!...The Herald Angels Sing
71.8%
Do You Hear...What I Hear?
68.9%
I'll Be...Home for Christmas
66%
Start of Title Rest of Title % Correct
A Holly...Jolly Christmas
65.1%
Grandma Got...Run Over By a Reindeer
65.1%
O Little...Town of Bethlehem
63%
Go Tell It...On the Mountain
62.8%
God Rest...You Merry, Gentlemen
62%
What Child...Is This?
58.4%
Up on...The House Top
56.2%
The Little...Drummer Boy
54.9%
(There's No Place Like)...Home for the Holidays
54.2%
Angels We...Have Heard on High
53.6%
It Came...Upon a Midnight Clear
51.7%
Carol of...The Bells
48.3%
Here Comes Santa Claus...*(Right Down Santa Claus Lane)
45%
The Holly...And the Ivy
33.2%
The Christmas Song...*(Chestnuts Roasting on an Open Fire)
28.6%
While Shepherds...Watched Their Flocks
20.5%
Remove Ads.
Support Sporcle.
Get the best of Sporcle when you Go Orange. This ad-free experience offers more features, more stats, and more fun while also helping to support Sporcle. Thank you for becoming a member.

You're not logged in!

Compare scores with friends on all Sporcle quizzes.
OR
Log In

Sporcle TV

Today on Sporcle TV


Watch our educational content, quiz creation guides, and fun videos on Sporcle TV.

Show Comments

Extras

Top Quizzes Today


Score Distribution

Paid Content

Your Account Isn't Verified!

In order to create a playlist on Sporcle, you need to verify the email address you used during registration. Go to your Sporcle Settings to finish the process.

Report this User

Report this user for behavior that violates our Community Guidelines.

Details: